|
|
|
|
| LEADER |
01106nam a2200349 a 4500 |
| 001 |
nkc20061687425 |
| 003 |
CZ PrNK |
| 005 |
20070112153259.0 |
| 007 |
ta |
| 008 |
060829s2006 xr g 000 f cze |
| 015 |
|
|
|a cnb001687425
|
| 020 |
|
|
|a 80-239-7698-2
|q (brož.) :
|c Kč 70,00
|
| 035 |
|
|
|a (OCoLC)85712209
|
| 040 |
|
|
|a OLA001
|b cze
|d ABA001
|
| 072 |
|
7 |
|a 821.162.3-3
|x Česká próza
|2 Konspekt
|9 25
|
| 080 |
|
|
|a 821.162.3-3
|2 MRF
|
| 080 |
|
|
|a (0:82-321.5)
|2 MRF
|
| 100 |
1 |
|
|a Franc, Václav,
|d 1961-
|7 jo20000069653
|4 aut
|
| 245 |
1 |
0 |
|a Vědecká práce mé ženy /
|c Václav Franc
|
| 250 |
|
|
|a Vyd. 1.
|
| 260 |
|
|
|a [Nová Paka] :
|b V. Franc,
|c 2006
|
| 300 |
|
|
|a 88 s. ;
|c 21 cm
|
| 504 |
|
|
|a Obsahuje bibliografické odkazy
|
| 655 |
|
7 |
|a české prózy
|7 fd133972
|2 czenas
|
| 655 |
|
7 |
|a humoristické prózy
|7 fd132429
|2 czenas
|
| 655 |
|
9 |
|a Czech prose
|2 eczenas
|
| 655 |
|
9 |
|a humorous prose
|2 eczenas
|
| 910 |
2 |
|
|a BOA001
|b 2-1176.390
|
| 990 |
|
|
|a BK
|
| 995 |
|
|
|a 01
|
| 991 |
|
|
|b 200611
|
| 996 |
6 |
|
|b 2610293424
|c 2-1176.390
|l MZK
|r Sklad / do 1 hodiny
|n 0
|p p.v.
|w 000831436
|u 000010
|a 1
|e BOA001
|j MZK50
|s P
|